10 Biggest cities in Czechia - Statistics

General Stats
  • This quiz has been taken 304 times
  • The average score is 7 of 10
Answer Stats
Population Cities % Correct
1 165 581 Prague
100%
369 559 Brno
95%
313 088 Ostrava
88%
164 180 Plzeň
87%
97 770 Liberec
65%
95 195 Hradec Králové
62%
101 268 Olomouc
62%
94 105 Ústí nad Labem
60%
96 053 České Budějovice
59%
88 741 Pardubice
56%
No matching quizzes found
Score Distribution
Percent of People with Each Score
Percentile by Number Answered
Your Score History
You have not taken this quiz